Tìm hiểu về nghi thức lễ tục ở Phú Yên

সংরক্ষণ করুন:
গ্রন্থ-পঞ্জীর বিবরন
প্রধান লেখক: Dương Thái Nhơn
বিন্যাস: গ্রন্থ
ভাষা:Vietnamese
প্রকাশিত: H. Hội nhà văn 2016
বিষয়গুলি:
ট্যাগগুলো: ট্যাগ যুক্ত করুন
কোনো ট্যাগ নেই, প্রথমজন হিসাবে ট্যাগ করুন!
Thư viện lưu trữ: Mạng thư viện Đại học Đà Nẵng
LEADER 01129nam a2200313 4500
001 000025067
003 21558
005 20170508100544.0
008 170427s2016 viesd
041 0 |a vie 
082 1 4 |a 395.0959755  |b DƯ-N 
100 1 |a Dương Thái Nhơn 
245 1 0 |a Tìm hiểu về nghi thức lễ tục ở Phú Yên  |c Dương Thái Nhơn sưu tầm và giới thiệu 
260 |a H.  |b Hội nhà văn  |c 2016 
300 |a 342 tr.  |c 21 cm. 
500 |a ĐTTS ghi: Hội văn nghệ dân gian Việt Nam 
650 0 4 |a Nghi lễ  |x Phong tục tập quán  |z Việt Nam (Phú Yên) 
653 |a Văn hóa dân gian 
653 |a Phú Yên 
OWN |a LSP 
AVA |a UDN50  |b LSP  |d 395.0959755 DƯ-N  |e available  |t Error 5001 Not defined in file expand_doc_bib_avail.  |f 1  |g 0  |h N  |i 0  |k 1 
999 |a From the UDN01 
AVA |a UDN50  |b LSP  |d 395.0959755 DƯ-N  |e available  |t Error 5001 Not defined in file expand_doc_bib_avail.  |f 1  |g 0  |h N  |i 0  |k 1 
TYP |a Monograph 
TYP |a Printed language 
980 |a Mạng thư viện Đại học Đà Nẵng